| 000 | 00555nam a2200145Ia 4500 | ||
|---|---|---|---|
| 000 | 00547nam a22001217a 4500 | ||
| 008 | 211106s9999 xx 000 0 und d | ||
| 100 | _aFantaisy, Marie JudidhNova, Juana Patricia Baez, Santa Lorenza | ||
| 245 | 0 | _aIncidencia de Embarazo Molar en Mujeres Asistidas en el Hospital Maternidad San Lorenzo de los Mina Septiembre-Diciembre 2016 Santo Domingo República Dominicana | |
| 260 | _aSanto Domingo,RD.Ufhec2017 | ||
| 300 | _avii,106h.CD. | ||
| 650 | _aTESIS DE ENFERMERÍA | ||
| 942 | _aBK | ||
| 999 |
_c13530 _d13530 |
||